Пропуск в контексте

Существует ли теория словесности и при каких условиях возможно ее существование?

Классическое произведение, относящееся к общественному достоянию.

Сохранить в:
Bibliografiske detaljer
Hovedforfatter: Водовозов В. И.
Format: Книга
Sprog:Russian
Udgivet: Санкт-Петербург Лань 2017
Online adgang:https://e.lanbook.com/book/96035
https://e.lanbook.com/img/cover/book/96035.jpg
Tags: Tilføj Tag
Ingen Tags, Vær først til at tagge denne postø!
LEADER 01098nam0a2200241 i 4500
001 96035
003 RuSpLAN
005 20221220174000.0
008 221220s2017 ru gs 000 0 rus
020 |a 978-5-507-43465-7 
040 |a RuSpLAN 
041 0 |a rus 
044 |a ru 
245 0 0 |a Существует ли теория словесности и при каких условиях возможно ее существование?  |c Водовозов В. И. 
260 |a Санкт-Петербург  |b Лань  |c 2017 
300 |a 13 с. 
504 |a Библиогр.: доступна в карточке книги, на сайте ЭБС Лань 
520 8 |a Классическое произведение, относящееся к общественному достоянию. 
521 8 |a Книга из коллекции Лань - Психология. Педагогика 
100 1 |a Водовозов В. И. 
856 4 |u https://e.lanbook.com/book/96035 
856 4 8 |u https://e.lanbook.com/img/cover/book/96035.jpg 
953 |a https://e.lanbook.com/img/cover/book/96035.jpg